| 000 | 00650cam a2200229 4500500 | ||
|---|---|---|---|
| 005 | 20260405002417.0 | ||
| 041 | _afre | ||
| 042 | _adc | ||
| 100 | 1 | 0 |
_aLegros, Martin _eauthor |
| 245 | 0 | 0 | _aHitler et la relique téléphonique |
| 260 | _c2017. | ||
| 500 | _a15 | ||
| 690 | _aCapitalisme | ||
| 690 | _aHitler | ||
| 690 | _aLuc Boltanski | ||
| 690 | _aMarchandise | ||
| 690 | _aNarration | ||
| 690 | _aNazisme | ||
| 690 | _atéléphone | ||
| 786 | 0 | _nPhilosophie magazine | 108 | 4 | 2017-04-01 | p. 10-11 | 1951-1787 | |
| 856 | 4 | 1 | _uhttps://shs.cairn.info/magazine-philosophie-magazine-2017-4-page-10?lang=fr&redirect-ssocas=7080 |
| 999 |
_c2057444 _d2057444 |
||